01015nam a2200277 a 450000500170000000800410001704100080005804400080006609000140007410000400008824501150012826000530024330000120029665000230030865000290033165000310036065000230039165000230041465000230043766200200046070000310048070000340051194200150054599900130056095201640057320140221164400.0140221b1997 -Us||||| |||| 00| 0 eng d aspa axxu aLBb00750 aVásquez Martínez, Rodolfo99069 aFlórula de las Reservas Biológicas de Iquitos PerúbAllpahuayo-Mishana, Explornapo Camp, Explorama Lopge aSan LouisbMissouri Botanical Garden Pressc1997 a1046 p. aVegetación99070 aReservas naturales99071 aClaves taxonómicas93514 aPteridofitos99072 aGimnospermae97278 aAngiospermae97277 aPerúdIquitos aTaylor, Charlotte M.99073 aRudas Lleras, Agustín99074 cImpreso2z c765d765 00102z40708BOTANICAIINV2017aVillabVillad1998-01-09eInstitutog39000.00l0oLB-00750p001090r2012-12-04 00:00:00tEj. 1w2012-12-04xDonaciónyLIBRO